Introduction to positive economics (Record no. 5640)

000 -LEADER
fixed length control field 00453nam a22001817a 4500
001 - CONTROL NUMBER
control field 5640
003 - CONTROL NUMBER IDENTIFIER
control field BD-DhUET
008 - FIXED-LENGTH DATA ELEMENTS--GENERAL INFORMATION
fixed length control field 141127b xxu||||| |||| 00| 0 eng d
040 ## - CATALOGING SOURCE
Transcribing agency 0
Modifying agency BD-DhUET
082 ## - DEWEY DECIMAL CLASSIFICATION NUMBER
Classification number 330
Item number LIP/1971
100 ## - MAIN ENTRY--PERSONAL NAME
Personal name Lipsey, Richard G.
245 ## - TITLE STATEMENT
Title Introduction to positive economics
250 ## - EDITION STATEMENT
Edition statement 3rd ed.
260 ## - PUBLICATION, DISTRIBUTION, ETC. (IMPRINT)
Name of publisher, distributor, etc. English Language Book
Place of publication, distribution, etc. Hampshire
Date of publication, distribution, etc. 1971
300 ## - PHYSICAL DESCRIPTION
Extent xx, 740 p.
Other physical details ill.
Dimensions 26 cm.
650 #0 - SUBJECT ADDED ENTRY--TOPICAL TERM
Topical term or geographic name as entry element Economics
942 ## - ADDED ENTRY ELEMENTS (KOHA)
Koha item type General Book
Holdings
Source of classification or shelving scheme Koha item type Lost status Price effective from Not for loan Koha collection Location (home branch) Koha full call number Withdrawn status Copy number Damaged status Koha normalized classification for sorting Koha date last seen Sublocation or collection (holding branch) Shelving location Date acquired Piece designation (barcode)
 General Book 2014-11-27  Central Library, BUET330/LIP/1971 1 330LIP19712014-11-27Central Library, BUETCirculation section2014-11-2723693
 General Book 2014-11-27  Central Library, BUET330/LIP/1971 2 330LIP19712014-11-27Central Library, BUETCirculation section2014-11-2723702
 General Book 2015-01-27  Central Library, BUET330/LIP/1971 3 330_000000000000000_LIP_19712015-01-27Central Library, BUETCirculation section2015-01-2723689
 General Book 2015-01-27  Central Library, BUET330/LIP/1971 4 330_000000000000000_LIP_19712015-01-27Central Library, BUETCirculation section2015-01-2723684
 General Book 2015-01-27  Central Library, BUET330/LIP/1971 5 330_000000000000000_LIP_19712015-01-27Central Library, BUETCirculation section2015-01-2723710
 General Book 2015-01-27  Central Library, BUET330/LIP/1971 6 330_000000000000000_LIP_19712015-01-27Central Library, BUETCirculation section2015-01-2723713
 General Book 2015-01-27  Central Library, BUET330/LIP/1971 7 330_000000000000000_LIP_19712015-01-27Central Library, BUETCataloging section2015-01-2723690
 General Book 2015-01-27  Central Library, BUET330/LIP/1971 8 330_000000000000000_LIP_19712015-01-27Central Library, BUETCirculation section2015-01-2723698
 General Book 2015-01-27  Central Library, BUET330/LIP/1971 9 330_000000000000000_LIP_19712015-01-27Central Library, BUETCirculation section2015-01-2723685
 General Book 2015-01-27  Central Library, BUET330/LIP/1971 10 330_000000000000000_LIP_19712015-01-27Central Library, BUETCirculation section2015-01-2723712
 General Book 2015-01-28 Non FictionCentral Library, BUET330/LIP/1971 4 330_000000000000000_LIP_19712015-01-28Central Library, BUETCirculation section2015-01-2823677
 General Book 2015-01-28 Non FictionCentral Library, BUET330/LIP/1971 30 330_000000000000000_LIP_19712015-01-28Central Library, BUETCirculation section2015-01-2823706
 General Book 2015-01-28 Non FictionCentral Library, BUET330/LIP/1971 29 330_000000000000000_LIP_19712015-01-28Central Library, BUETCirculation section2015-01-2823705
 General Book 2015-01-28 Non FictionCentral Library, BUET330/LIP/1971 16 330_000000000000000_LIP_19712015-01-28Central Library, BUETCirculation section2015-01-2823680
 General Book 2015-04-20  Central Library, BUET330/LIP/1971 15 330_000000000000000_LIP_19712015-04-20Central Library, BUETCirculation section2015-04-2023691